[Event "Mittelfranken-chTB2a 1617"]
[Site "Mittelfranken"]
[Date "2017.02.12"]
[Round "6.2"]
[White "Muenster, Manfred"]
[Black "Hofer, Stefan1111"]
[Result "1/2-1/2"]
[WhiteElo "1895"]
[BlackElo "1927"]
[PlyCount "84"]
[EventDate "2016.10.23"]
[EventType "team-tourn"]
[EventRounds "9"]
[EventCountry "GER"]
[SourceTitle "EXT 2022"]
[Source "ChessBase"]
[SourceDate "2021.10.06"]
[SourceVersion "1"]
[SourceVersionDate "2021.10.06"]
[SourceQuality "1"]
[WhiteTeam "Heilsbronn"]
[BlackTeam "Cadolzburg"]
[WhiteTeamCountry "GER"]
[BlackTeamCountry "GER"]

1. Nc3 d5 2. e4 dxe4 3. Nxe4 e6 4. Nf3 Nf6 5. Ng3 Bd6 6. Bc4 Nbd7 7. d3 h6 8. Bd2 Nb6 9. Bb3 a5 10. a4 Nbd5 11. Qc1 b6 12. 0-0 Bb7 13. Re1 Ne7 14. Bc3 Ng6 15. Ne4 Nxe4 16. dxe4 Bf4 17. Qd1 0-0 18. Qe2 Bd6 19. g3 e5 20. h4 Ba6 21. Bc4 Bxc4 22. Qxc4 Qf6 23. Kg2 Rfd8 24. h5 Nf8 25. Nh4 Qe6 26. Qe2 Bb4 27. Bxb4 axb4 28. Nf5 Qe8 29. Qg4 Ne6 30. Nxh6+ Kh7 31. Nf5 Rxa4 32. Rxa4 Qxa4 33. Ne3 Nd4 34. c3 bxc3 35. bxc3 Nc2 36. Qf5+ Kg8 37. Nxc2 Qxc2 38. Qxe5 Qd2 39. Re3 Qd7 40. Qg5 Qd6 41. Rf3 Re8 42. Qf5 Qe6 1/2-1/2

[Event "Mittelfranken-chTB2a 1516"]
[Site "Mittelfranken"]
[Date "2016.04.17"]
[Round "9.4"]
[White "Mueller, Maximilian"]
[Black "Muenster, Manfred"]
[Result "1-0"]
[WhiteElo "1833"]
[BlackElo "1875"]
[PlyCount "53"]
[EventDate "2015.10.18"]
[EventType "team-tourn"]
[EventRounds "9"]
[EventCountry "GER"]
[SourceTitle "EXT 2020"]
[Source "ChessBase"]
[SourceDate "2019.10.17"]
[SourceVersion "1"]
[SourceVersionDate "2019.10.17"]
[SourceQuality "1"]
[WhiteTeam "Buechenbach/Roth II"]
[BlackTeam "Heilsbronn"]
[WhiteTeamCountry "GER"]
[BlackTeamCountry "GER"]

1. e4 Nc6 2. d4 e5 3. dxe5 Nxe5 4. Nf3 Ng6 5. Bc4 a6 6. 0-0 Bc5 7. Qd5 Qe7 8. Be3 Bxe3 9. fxe3 Nh6 10. Nc3 0-0 11. e5 Ng4 12. Qd4 N4xe5 13. Nd5 Nxf3+ 14. Rxf3 Qd8 15. Raf1 d6 16. Rxf7 Rxf7 17. Nb6 c5 18. Rxf7 cxd4 19. Rd7+ Kf8 20. Rxd8+ Ke7 21. Rxc8 Rxc8 22. Nxc8+ Kd7 23. Nb6+ Kc6 24. Nd5 Kc5 25. Bb3 b5 26. exd4+ Kxd4 27. Nc7 1-0

[Event "Mittelfranken-chTB2a 1415"]
[Site "Mittelfranken"]
[Date "2015.01.25"]
[Round "5.6"]
[White "Muenster, Manfred"]
[Black "Golziow, Manfred"]
[Result "1-0"]
[WhiteElo "1875"]
[BlackElo "1771"]
[PlyCount "73"]
[EventDate "2014.09.28"]
[EventType "team-tourn"]
[EventRounds "9"]
[EventCountry "GER"]
[SourceTitle "EXT 2020"]
[Source "ChessBase"]
[SourceDate "2019.10.17"]
[SourceVersion "1"]
[SourceVersionDate "2019.10.17"]
[SourceQuality "1"]
[WhiteTeam "Heilsbronn"]
[BlackTeam "Anderssen/78 Nuernberg"]
[WhiteTeamCountry "GER"]
[BlackTeamCountry "GER"]

1. Nc3 c5 2. Ne4 b6 3. Nf3 Bb7 4. Ng3 g6 5. e3 Bg7 6. d4 cxd4 7. Nxd4 Nc6 8. Nf3 Qc7 9. c3 Rd8 10. Be2 Ne5 11. Nxe5 Bxe5 12. 0-0 h5 13. f4 Bd6 14. Bd3 Nf6 15. Qc2 h4 16. Ne4 Nxe4 17. Bxe4 Bxe4 18. Qxe4 e6 19. h3 Rh5 20. Kh1 Be7 21. Qc2 Qc4 22. Bd2 d5 23. b3 Qe4 24. Qd1 Qd3 25. Rf3 Rh7 26. Qe1 Qe4 27. a4 a5 28. b4 axb4 29. cxb4 d4 30. a5 bxa5 31. bxa5 g5 32. exd4 Qxd4 33. Be3 Qd5 34. fxg5 Bd6 35. Bb6 Rb8 36. Rd1 Bg3 37. Rxg3 1-0

[Event "Mittelfranken-chTB2a 1415"]
[Site "Mittelfranken"]
[Date "2014.09.28"]
[Round "1.6"]
[White "Metzenroth, Dieter"]
[Black "Muenster, Manfred"]
[Result "0-1"]
[WhiteElo "1683"]
[BlackElo "1875"]
[PlyCount "81"]
[EventDate "2014.09.28"]
[EventType "team-tourn"]
[EventRounds "9"]
[EventCountry "GER"]
[SourceTitle "EXT 2020"]
[Source "ChessBase"]
[SourceDate "2019.10.17"]
[SourceVersion "1"]
[SourceVersionDate "2019.10.17"]
[SourceQuality "1"]
[WhiteTeam "Cadolzburg"]
[BlackTeam "Heilsbronn"]
[WhiteTeamCountry "GER"]
[BlackTeamCountry "GER"]

1. Nf3 g6 2. g3 Bg7 3. c4 Nc6 4. Nc3 e5 5. Bg2 d6 6. d3 h6 7. Bd2 f5 8. Rb1 Nf6 9. 0-0 0-0 10. b4 g5 11. b5 Ne7 12. Qb3 Ng6 13. c5+ Kh8 14. cxd6 cxd6 15. Ne1 f4 16. Nc2 g4 17. Nb4 h5 18. Ncd5 Be6 19. Qa3 f3 20. exf3 Bxd5 21. Nxd5 Nxd5 22. fxg4 Nf6 23. gxh5 Nxh5 24. Bxb7 Rb8 25. Bg2 Qd7 26. Be3 Rf7 27. Bd5 Re7 28. Qa4 Nf6 29. Bc6 Qh3 30. Bg2 Qd7 31. Rfc1 d5 32. Qb4 d4 33. Bg5 Qf5 34. Bxf6 Bxf6 35. Qd2 Bg5 36. Qb4 Rf8 37. f4 exf4 38. Be4 Rxe4 39. dxe4 Qxe4 40. Re1 Qd5 41. Rbd1 0-1

[Event "Mittelfranken-chTB2a 1213"]
[Site "Germany"]
[Date "2013.03.10"]
[Round "8.1"]
[White "Brenner, Christian"]
[Black "Muenster, Manfred"]
[Result "1-0"]
[WhiteElo "2064"]
[BlackElo "1916"]
[PlyCount "79"]
[EventDate "2012.10.07"]
[EventType "team-tourn"]
[EventRounds "9"]
[EventCountry "GER"]
[SourceTitle "EXT 2019"]
[Source "ChessBase"]
[SourceDate "2018.10.10"]
[SourceVersion "1"]
[SourceVersionDate "2018.10.10"]
[SourceQuality "1"]
[WhiteTeam "Nuernberg Zabo"]
[BlackTeam "Heilsbronn"]
[WhiteTeamCountry "GER"]
[BlackTeamCountry "GER"]

1. e4 g6 2. d4 Bg7 3. Nc3 d6 4. f4 b6 5. Nf3 Bb7 6. Bb5+ c6 7. Bd3 Nd7 8. 0-0 e6 9. f5 e5 10. d5 h6 11. fxg6 fxg6 12. dxc6 Bxc6 13. Bb5 Qc7 14. Be3 Ne7 15. Bc4 0-0-0 16. a4 Nc5 17. Bd5 Qb7 18. Bxc5 dxc5 19. Be6+ Kb8 20. Qe2 Rd6 21. Bc4 Rf8 22. Rad1 Rfd8 23. Rxd6 Rxd6 24. Nb5 Rd8 25. Rd1 Rxd1+ 26. Qxd1 Qd7 27. Qe2 g5 28. Nc3 Ng6 29. Nd5 g4 30. Nd2 h5 31. Qe3 Qd8 32. a5 Bxd5 33. exd5 Nf4 34. Qe4 Qg5 35. Nf1 h4 36. d6 Bh6 37. a6 Qg7 38. Bb5 Nh3+ 39. gxh3 gxh3+ 40. Kh1 1-0

[Event "Mittelfranken-chTB1 1112"]
[Site "Germany"]
[Date "2012.02.05"]
[Round "6.3"]
[White "Petzold, Vinzenz"]
[Black "Muenster, Manfred"]
[Result "1/2-1/2"]
[WhiteElo "1981"]
[BlackElo "1904"]
[PlyCount "142"]
[EventDate "2011.09.25"]
[EventType "team-tourn"]
[EventRounds "9"]
[EventCountry "GER"]
[SourceTitle "EXT 2013"]
[Source "ChessBase"]
[SourceDate "2012.11.22"]
[SourceVersion "1"]
[SourceVersionDate "2012.11.22"]
[SourceQuality "1"]
[WhiteTeam "Erlangen SC II"]
[BlackTeam "Heilsbronn"]
[WhiteTeamCountry "GER"]
[BlackTeamCountry "GER"]

1. d4 g6 2. c4 Bg7 3. e4 Nc6 4. Nf3 d6 5. d5 Nb8 6. Nc3 c5 7. Be2 Nf6 8. 0-0 0-0 9. Bg5 h6 10. Bf4 g5 11. Bd2 Nbd7 12. Ne1 Nh7 13. Kh1 Ne5 14. f4 gxf4 15. Bxf4 Ng6 16. Be3 Nf6 17. Nd3 b6 18. Rc1 Bd7 19. Qd2 h5 20. Bh6 Bg4 21. Bxg7 Kxg7 22. h3 Rh8 23. Rf2 Bxe2 24. Rxe2 h4 25. Rf2 Nh5 26. Ne2 f6 27. Rf3 Qd7 28. Kg1 Rag8 29. Nef4 Nhxf4 30. Nxf4 Nxf4 31. Qxf4 Rh5 32. Rc2 Kf7 33. Kh2 Rg7 34. Rcf2 Rg6 35. Ra3 Rg8 36. Re2 Ke8 37. Rae3 Rgg5 38. Rf3 Rg8 39. b3 Rg7 40. a3 Rg8 41. Rb2 Kf7 42. Rc3 Qc8 43. b4 Qa6 44. b5 Qa5 45. Re3 Qa4 46. Rc3 Qa5 47. Rbb3 Rhg5 48. Qf2 Rxg2+ 49. Qxg2 Rxg2+ 50. Kxg2 Kg6 51. Kf3 Kg5 52. Ke3 a6 53. Kd3 Kf4 54. bxa6 Qxa6 55. Rb5 Qa8 56. Rb1 Qc8 57. Rf1+ Kg5 58. Rg1+ Kh5 59. Kc2 f5 60. exf5 Qxf5+ 61. Kb3 b5 62. Rd1 bxc4+ 63. Kxc4 Qf2 64. Rdd3 Qf4+ 65. Kb5 Qf8 66. Rf3 Qe8+ 67. Kc4 Qa4+ 68. Kd3 Qd1+ 69. Ke3 Qe1+ 70. Kd3 Qd1+ 71. Ke3 Qe1+ 1/2-1/2

[Event "Mittelfranken-chTB1 1112"]
[Site "Germany"]
[Date "2012.01.15"]
[Round "5.4"]
[White "Nuding, Matthias"]
[Black "Muenster, Manfred"]
[Result "1/2-1/2"]
[WhiteElo "2099"]
[BlackElo "1904"]
[PlyCount "88"]
[EventDate "2011.09.25"]
[EventType "team-tourn"]
[EventRounds "9"]
[EventCountry "GER"]
[SourceTitle "EXT 2013"]
[Source "ChessBase"]
[SourceDate "2012.11.22"]
[SourceVersion "1"]
[SourceVersionDate "2012.11.22"]
[SourceQuality "1"]
[WhiteTeam "Nuernberg NT III"]
[BlackTeam "Heilsbronn"]
[WhiteTeamCountry "GER"]
[BlackTeamCountry "GER"]

1. e4 Nc6 2. Nf3 g6 3. d4 Bg7 4. c3 d6 5. d5 Nb8 6. h3 a6 7. Bd3 h6 8. Be3 c5 9. dxc6 Nxc6 10. Nbd2 Nf6 11. 0-0 0-0 12. Nc4 b5 13. Nb6 Rb8 14. Nxc8 Qxc8 15. Qe2 Qb7 16. Rad1 Nd7 17. Bc1 Nc5 18. Bb1 Rfc8 19. Nd4 a5 20. f4 b4 21. Nxc6 Qxc6 22. cxb4 Rxb4 23. e5 d5 24. Be3 Ne4 25. Rc1 Qb7 26. Rxc8+ Qxc8 27. Rc1 Qb7 28. b3 a4 29. Bxe4 Rxe4 30. Qd3 axb3 31. axb3 Rb4 32. Rb1 e6 33. Kh2 g5 34. g3 h5 35. Bd2 Re4 36. Re1 Rxe1 37. Bxe1 Qb6 38. Kg2 gxf4 39. gxf4 Bf8 40. Bh4 Qb4 41. Qg3+ Kh7 42. Qd3+ Kg8 43. Qg3+ Kh7 44. Qd3+ Kg8 1/2-1/2

[Event "Mittelfranken-chTB1 1112"]
[Site "Germany"]
[Date "2011.12.11"]
[Round "4.4"]
[White "Muenster, Manfred"]
[Black "Rausch, Wolfgang1111"]
[Result "0-1"]
[WhiteElo "1904"]
[BlackElo "1886"]
[PlyCount "120"]
[EventDate "2011.09.25"]
[EventType "team-tourn"]
[EventRounds "9"]
[EventCountry "GER"]
[SourceTitle "EXT 2013"]
[Source "ChessBase"]
[SourceDate "2012.11.22"]
[SourceVersion "1"]
[SourceVersionDate "2012.11.22"]
[SourceQuality "1"]
[WhiteTeam "Heilsbronn"]
[BlackTeam "Nuernberg NT IV"]
[WhiteTeamCountry "GER"]
[BlackTeamCountry "GER"]

1. Nc3 c5 2. Ne4 d6 3. Ng3 Nf6 4. Nf3 a6 5. b3 e6 6. Bb2 Be7 7. e3 Nbd7 8. Be2 0-0 9. 0-0 b5 10. d4 Bb7 11. c4 bxc4 12. Bxc4 Qb6 13. Bd3 Rfd8 14. e4 cxd4 15. Bxd4 Qa5 16. a3 Rdc8 17. b4 Qd8 18. a4 e5 19. Bb2 Bf8 20. Qb3 Qe8 21. Rac1 h6 22. Rfe1 d5 23. Nh4 dxe4 24. Nxe4 Bd5 25. Nxf6+ Nxf6 26. Bc4 Rxc4 27. Rxc4 Qe6 28. Rxe5 Bxc4 29. Qc3 Qg4 30. Nf5 Qd1+ 31. Re1 Qd3 32. Nxh6+ Kh7 33. Qxd3+ Bxd3 34. Nxf7 Bxb4 35. Rc1 Re8 36. Ng5+ Kg6 37. Nf3 Be4 38. Ne5+ Kh7 39. h3 a5 40. g4 Bd5 41. g5 Ne4 42. h4 Bc5 43. Nd3 Bd6 44. Bd4 Nd2 45. Bb6 Re4 46. f4 Re2 47. Bf2 Nf3+ 48. Kf1 Rd2 49. Ne5 Nxe5 50. fxe5 Bb4 51. h5 Ra2 52. Rc7 Bd2 53. Rd7 Bc4+ 54. Kg1 Bxg5 55. Bd4 Be6 56. Rd6 Rxa4 57. Bb6 Bf5 58. e6 Bf6 59. h6 Kxh6 60. e7 Bg6 0-1